| 000 | 00499nam a22001937a 4500 | ||
|---|---|---|---|
| 003 | OSt | ||
| 005 | 20140507100834.0 | ||
| 008 | 140507b xxu||||| |||| 00| 0 eng d | ||
| 020 | _a9780205749898 | ||
| 050 |
_aHM 51 _b.M166 2010 |
||
| 100 | _aMacionis, John J. | ||
| 245 |
_aSociology / _cJohn J, Macionis. |
||
| 250 | _a13th ed. | ||
| 260 |
_aBoston : _bPearson, _cc2010. |
||
| 300 |
_axxiii, 720 p. : _bcol. ill. ; _c28 cm. |
||
| 650 | _aSociology. | ||
| 942 |
_2lcc _cBK |
||
| 999 |
_c115828 _d115828 |
||